Código civil y leyes complementarias anotados (Registro nro. 1483)

Detalles MARC
000 -LEADER
fixed length control field 01111 a2200217 4500
001 - CONTROL NUMBER
control field 26681
005 - DATE AND TIME OF LATEST TRANSACTION
control field 20260407155545.0
008 - FIXED-LENGTH DATA ELEMENTS--GENERAL INFORMATION
fixed length control field 260407a1971 arg spa d
003 - CONTROL NUMBER IDENTIFIER
control field AR-UNSa-BCEJYS
040 ## - CATALOGING SOURCE
Original cataloging agency AR-UNSa-BCEJYS
Language of cataloging spa
Transcribing agency AR-UNSa-BCEJYS
080 ## - UNIVERSAL DECIMAL CLASSIFICATION NUMBER
Universal Decimal Classification number 347(094.4)
Common auxiliary subdivision Código Civil
100 1# - MAIN ENTRY--PERSONAL NAME
Personal name Argentina [Código Civil]
245 10 - TITLE STATEMENT
Title Código civil y leyes complementarias anotados
250 ## - EDITION STATEMENT
Edition statement 2a. ed. act.
264 #1 - PRODUCTION, PUBLICATION, DISTRIBUTION, MANUFACTURE, AND COPYRIGHT NOTICE
Place of production, publication, distribution, manufacture Buenos Aires :
Name of producer, publisher, distributor, manufacturer Ediciones Depalma
Date of production, publication, distribution, manufacture, or copyright notice 1971
300 ## - PHYSICAL DESCRIPTION
Extent 627 p.
Dimensions 23 cm.
505 ## - FORMATTED CONTENTS NOTE
Formatted contents note I. De las personas: 1. De las personas en general - 2. De los derechos personales en las relaciones de familia - II. De los derechos personales en las relaciones civiles: A- 1. De las obligaciones en general - 2. De las obligaciones con relación a su objeto - 3. De las obligaciones con relación a las personas - B- 1. Extinción de las obligaciones - 2. De los hechos y actos jurídicos que producen la adquisición, modificación, transferencia o extinción de los derechos y obligaciones.
590 ## - LOCAL NOTE (RLIN)
Local note niveau_biblio:m niveau_hierar:0
700 1# - ADDED ENTRY--PERSONAL NAME
Personal name Salas, Acdeel Ernesto
942 ## - ADDED ENTRY ELEMENTS (KOHA)
Koha item type
Existencias
Withdrawn status Lost status Damaged status Not for loan Home library Current library Shelving location Date acquired Total checkouts Full call number Barcode Date last seen Price effective from Koha item type
        Biblioteca Prof. Eusebio Cleto del Rey Biblioteca Prof. Eusebio Cleto del Rey   07/04/2026   347(094.4) S161 v.1 L23642 07/04/2026 07/04/2026 Libro